000 00779nam a2200241Ia 4500
003 OSt
005 20220926022330.0
006 a|||||r|||| 00| 0
007 ta
008 220923b |||||||| |||| 00| 0 eng d
037 _cGeneral Book
040 _aRTL
_cRTL
_beng
041 _2eng
_aeng
082 _aX:75.4.N7, L0
110 _aUnited NationsEconomic commission for Asia and the far East
_9327627
245 0 _aTechniques of annual planning
_b With special refererence to Asian Countries
260 _aNew York
_bUnited Nations U S A
_c1970
300 _av,41p.
_ccm.
650 _aEconomics
700 _aUnited NationsEconomic commission for Asia and the far East
_9327628
942 _hX:75.4.N7, L0
_cGB
_2CC
999 _c639187
_d639187